000 00356nam a2200109Ia 4500
008 171211s9999 xx 000 0 und d
245 _aEntertainment Computing and Serious Games
245 _cMaic Masuch, Michael Kickmeier-Rust, Ralf Dörner, and Stefan Göbel
260 _c2016
650 _xGAMES
856 _uhttp://down.ebook777.com/054/3319461516.pdf
999 _c348938
_d348938